<?xml version="1.0" encoding="UTF-8"?>
<collection xmlns="http://www.loc.gov/MARC21/slim">
 <record>
  <leader>02626cam a22003252 a4500</leader>
  <controlfield tag="001">89269517X</controlfield>
  <controlfield tag="003">DE-627</controlfield>
  <controlfield tag="005">20220722150749.0</controlfield>
  <controlfield tag="007">tu</controlfield>
  <controlfield tag="008">170627m20122012xx |||||      00| ||und c</controlfield>
  <datafield tag="020" ind1=" " ind2=" ">
   <subfield code="a">3422068910</subfield>
   <subfield code="9">3-422-06891-0</subfield>
  </datafield>
  <datafield tag="020" ind1=" " ind2=" ">
   <subfield code="a">9783422068919</subfield>
   <subfield code="9">978-3-422-06891-9</subfield>
  </datafield>
  <datafield tag="035" ind1=" " ind2=" ">
   <subfield code="a">(DE-627)89269517X</subfield>
  </datafield>
  <datafield tag="035" ind1=" " ind2=" ">
   <subfield code="a">(DE-576)9892695178</subfield>
  </datafield>
  <datafield tag="035" ind1=" " ind2=" ">
   <subfield code="a">(DE-599)GBV89269517X</subfield>
  </datafield>
  <datafield tag="040" ind1=" " ind2=" ">
   <subfield code="a">DE-627</subfield>
   <subfield code="b">ger</subfield>
   <subfield code="c">DE-627</subfield>
   <subfield code="e">rakwb</subfield>
  </datafield>
  <datafield tag="100" ind1="1" ind2=" ">
   <subfield code="a">Sebald, Eduard</subfield>
   <subfield code="d">1955-</subfield>
   <subfield code="0">(DE-588)133134822</subfield>
   <subfield code="0">(DE-627)537498702</subfield>
   <subfield code="0">(DE-576)299645630</subfield>
   <subfield code="4">aut</subfield>
  </datafield>
  <datafield tag="245" ind1="1" ind2="4">
   <subfield code="a">Die Kunstdenkmäler des Rhein-Hunsrück-Kreises</subfield>
   <subfield code="b">Stadt St. Goar</subfield>
   <subfield code="c">bearb. von Eduard Sebald. Fotos von Andreas Lechtape ...</subfield>
  </datafield>
  <datafield tag="264" ind1=" " ind2="1">
   <subfield code="a">München [u.a.]</subfield>
   <subfield code="b">Deutscher Kunstverlag</subfield>
   <subfield code="c">2012</subfield>
  </datafield>
  <datafield tag="336" ind1=" " ind2=" ">
   <subfield code="a">Text</subfield>
   <subfield code="b">txt</subfield>
   <subfield code="2">rdacontent</subfield>
  </datafield>
  <datafield tag="337" ind1=" " ind2=" ">
   <subfield code="a">ohne Hilfsmittel zu benutzen</subfield>
   <subfield code="b">n</subfield>
   <subfield code="2">rdamedia</subfield>
  </datafield>
  <datafield tag="338" ind1=" " ind2=" ">
   <subfield code="a">Band</subfield>
   <subfield code="b">nc</subfield>
   <subfield code="2">rdacarrier</subfield>
  </datafield>
  <datafield tag="490" ind1="1" ind2=" ">
   <subfield code="a">Die Kunstdenkmäler von Rheinland-Pfalz</subfield>
   <subfield code="v">10, ƠDieƠ Kunstdenkmäler des Rhein-Hunsrück-Kreises 2.3</subfield>
  </datafield>
  <datafield tag="500" ind1=" " ind2=" ">
   <subfield code="a">Literaturangaben. - Anfangs im Dt. Kunstverl., München, Berlin</subfield>
  </datafield>
  <datafield tag="520" ind1=" " ind2=" ">
   <subfield code="a">Das Inventar stellt ausführlich die Kunstdenkmäler der Stadt St. Goar an der Loreley vor. Es erfasst damit - nach dem letzten Inventarband zu Oberwesel - ein weiteres historisches Zentrum am Rhein mit überregional bedeutenden Kulturdenkmälern, darunter die spätgotische ehem. Stiftskirche und der Altar der Hausbuchmeisterschule in der kath. Kirche. Die Denkmäler werden in Wort, Plan und Bild gewürdigt, dabei wird der bisherige Forschungsstand durch neue Forschungen ergänzt, die sich vornehmlich auf aktuelle bauhistorische Untersuchungen der Kirchen und der Burg Rheinfels stützen. In Bd. 1 werden nach historischen und kunsthistorischen Einführungen die Stadtbaugeschichte und die beiden Kirchen mit ihren teils bedeutenden Ausstattungen behandelt. Im Mittelpunkt von Bd. 2 stehen die Stadtmauer und die Burg Rheinfels als größte Burganlage am Rhein, die erstmals erschöpfend untersucht wird; es folgen die Profanbauten der Stadt und die Denkmäler der Stadtteile. Das Inventar stellt damit einen weiteren Beitrag zur Erforschung des Mittelrheintals dar, das seit 2002 zum Weltkulturerbe gehört</subfield>
  </datafield>
  <datafield tag="700" ind1="1" ind2=" ">
   <subfield code="a">Lechtape, Andreas</subfield>
   <subfield code="d">1956-</subfield>
   <subfield code="e">Ill.</subfield>
   <subfield code="0">(DE-588)123222990</subfield>
   <subfield code="0">(DE-627)082422680</subfield>
   <subfield code="0">(DE-576)171744128</subfield>
   <subfield code="4">ill</subfield>
  </datafield>
  <datafield tag="787" ind1="0" ind2="8">
   <subfield code="i">Rezensiert in</subfield>
   <subfield code="a">Fischer, Ludger, 1957 - </subfield>
   <subfield code="t">[Rezension von: Eduard Sebald, Die Kunstdenkmäler des Rhein-Hunsrück-Kreises, Teil 2.3, Stadt St. Goar]</subfield>
   <subfield code="d">Braubach : Europäisches Burgeninstitut, 2013</subfield>
   <subfield code="w">(DE-627)1811426824</subfield>
  </datafield>
  <datafield tag="951" ind1=" " ind2=" ">
   <subfield code="a">MC</subfield>
  </datafield>
  <datafield tag="991" ind1=" " ind2=" ">
   <subfield code="a">Rezensiertes Werk</subfield>
  </datafield>
  <datafield tag="999" ind1=" " ind2=" ">
   <subfield code="a">KXP-PPN89269517X</subfield>
   <subfield code="e">4185193157</subfield>
  </datafield>
 </record>
</collection>
